ՀՀ Գիտությունների ազգային ակադեմիայի հիմնարար գիտական գրադարան  =   Fundamental Scientific Library of NAS RA

Ծնվել է ու մահացել : (Record no. 500893)

MARC details
000 -LEADER
fixed length control field 00971nam a2200253 a 4500
001 - CONTROL NUMBER
control field 000269947
003 - CONTROL NUMBER IDENTIFIER
control field AM-YeHGA
005 - DATE AND TIME OF LATEST TRANSACTION
control field 20250618075829.0
008 - FIXED-LENGTH DATA ELEMENTS--GENERAL INFORMATION
fixed length control field 031009s1995 ai |||||||||||||||0|arm|d
020 ## - INTERNATIONAL STANDARD BOOK NUMBER
International Standard Book Number 5807911253
040 ## - CATALOGING SOURCE
Original cataloging agency AM-YeHGA
041 0# - LANGUAGE CODE
Language code of text/sound track or separate title arm
090 ## - LOCALLY ASSIGNED LC-TYPE CALL NUMBER (OCLC); LOCAL CALL NUMBER (RLIN)
-- 504305
100 1# - MAIN ENTRY--PERSONAL NAME
Personal name Զեյթունցյան, Պերճ Արմենակի,
Dates associated with a name 1938-2017
9 (RLIN) 9289
245 10 - TITLE STATEMENT
Title Ծնվել է ու մահացել :
Remainder of title [Դրամատիկական գործեր] /
Statement of responsibility, etc. Պ. Զեյթունցյան.
260 ## - PUBLICATION, DISTRIBUTION, ETC.
Place of publication, distribution, etc. Երևան :
Name of publisher, distributor, etc. Ազգ,
Date of publication, distribution, etc. 1995.
300 ## - PHYSICAL DESCRIPTION
Extent 231 էջ :
Other physical details դիմանկ. ;
Dimensions 18 սմ.
440 #0 - SERIES STATEMENT/ADDED ENTRY--TITLE
Title Ալեք Մանուկյան
Volume/sequential designation N 6
500 ## - GENERAL NOTE
General note Հրատ.՝ ՀԲԸՄ Ալեք Մանուկյան մշակութ. հիմնադրամի
500 ## - GENERAL NOTE
General note Մատենաշարը վարում է Ալ. Թոփչյանը
650 14 - SUBJECT ADDED ENTRY--TOPICAL TERM
Topical term or geographic name entry element Հայ գրականություն
General subdivision Վեպ
650 14 - SUBJECT ADDED ENTRY--TOPICAL TERM
Topical term or geographic name entry element Հայ գրականություն
General subdivision Թատերգություն
942 ## - ADDED ENTRY ELEMENTS (KOHA)
Source of classification or shelving scheme Universal Decimal Classification
Koha item type Գրքեր / Books
Holdings
Withdrawn status Lost status Damaged status Not for loan Collection Home library Current library Date acquired Cost, normal purchase price Total checkouts Full call number Barcode Date last seen Price effective from Koha item type Public note
        General Fundamental Scientific Library Fundamental Scientific Library 05/05/2017 350.00   AI/19605 FL0064402 05/05/2017 05/05/2017   30 Days Loan
        General Fundamental Scientific Library Fundamental Scientific Library 05/05/2017 350.00   AI/19606 FL0064403 05/05/2017 05/05/2017   30 Days Loan


ՀՀ ԳԱԱ հիմնարար գիտական գրադարան
ՀՀ,Երևան 0019
Մարշալ Բաղրամյան 24/6
հեռախոս:(374-10) 52-47-50
Հետադարձ կապ

All site content, except where otherwise noted, is licensed under a
Creative Commons License